000 00275nam a22001337a 4500
008 171012b xxu||||| |||| 00| 0 eng d
020 _a9780072365818
041 _aeng
080 _a316
100 _a50
101 _asoc
245 _aSOCIOLOGY
_cHILL.M
942 _2udc
_cBK
999 _c33432
_d33432